Countries you can fly to from Paris Charles De Gaulle Airport (CDG) - Statistics

General Stats
  • This quiz has been taken 16 times
  • The average score is 88 of 102
Answers on the Map
Answers color-coded by a green-red scale on the quiz's map according to % correct below.
 
Answer Stats
Number of destinations Country % Correct
1 Albania
100%
1 Austria
100%
1 Belgium
100%
10 China
100%
3 Croatia
100%
1 Czechia
100%
3 Denmark
100%
1 Estonia
100%
3 Finland
100%
22 France
100%
7 Germany
100%
7 Greece
100%
1 Hungary
100%
1 Iceland
100%
3 India
100%
3 Ireland
100%
1 Israel
100%
14 Italy
100%
2 Japan
100%
1 Jordan
100%
1 Latvia
100%
1 Lithuania
100%
1 Luxembourg
100%
2 Netherlands
100%
4 Norway
100%
1 Oman
100%
2 Poland
100%
5 Portugal
100%
1 Qatar
100%
2 Saudi Arabia
100%
1 Serbia
100%
1 Slovenia
100%
1 South Korea
100%
12 Spain
100%
2 Sweden
100%
3 Switzerland
100%
2 Thailand
100%
7 Turkey
100%
3 United Arab Emirates
100%
19 United Kingdom
100%
2 Vietnam
100%
1 Argentina
92%
1 Armenia
92%
1 Bahrain
92%
4 Brazil
92%
1 Bulgaria
92%
7 Canada
92%
1 Chile
92%
1 Dominican Republic
92%
1 Georgia
92%
1 Lebanon
92%
1 Malta
92%
3 Mexico
92%
1 Montenegro
92%
1 Romania
92%
1 singapore
92%
1 Taiwan
92%
24 United States
92%
11 Algeria
85%
1 Australia
85%
1 Azerbaijan
85%
1 Colombia
85%
5 Egypt
85%
1 Ethiopia
85%
1 Kuwait
85%
1 Malaysia
85%
1 Moldova
85%
2 Nigeria
85%
1 Pakistan
85%
1 Peru
85%
1 Sri Lanka
85%
3 Tunisia
85%
1 Chad
77%
1 Cyprus
77%
1 Maldives
77%
1 Mauritania
77%
7 Morocco
77%
1 Philippines
77%
1 Senegal
77%
1 Seychelles
77%
2 South Africa
77%
2 Cameroon
69%
1 Democratic Republic of the Congo
69%
1 Gabon
69%
1 Guinea
69%
1 Kenya
69%
1 Madagascar
69%
1 Mauritius
69%
2 Republic of the Congo
69%
1 Benin
62%
3 Cabo Verde
62%
1 Ivory Coast
62%
1 Panama
62%
1 Togo
62%
2 Uzbekistan
62%
1 angola
54%
1 Comoros
54%
1 Costa Rica
54%
2 Tanzania
54%
1 Djibouti
38%
1 Equatorial Guinea
38%
1 Rwanda
38%
No matching quizzes found
Score Distribution
Percent of People with Each Score
Percentile by Number Answered
Your Score History
You have not taken this quiz